| 000 | 00505nam a2200133Ia 4500 | ||
|---|---|---|---|
| 008 | 220216s9999 xx 000 0 und d | ||
| 100 | _aBalagopalan Nair M K | ||
| 245 | 0 | _aComparative evaluation of dryers used in TSR processing factories | |
| 260 | _bIn Seminar on technically specified rubber. Organised by the Department of Processing and Product Development, Rubber Board, Kottayam, January 4, 1994 | ||
| 650 | _aDryers | ||
| 650 | _aTSR processing factories | ||
| 700 | _aSebastian T | ||
| 942 | _cJS | ||
| 999 |
_c55925 _d55925 |
||